Snell's Clinical Anatomy by Regions / (Record no. 33914)

MARC details
000 -LEADER
fixed length control field 00548nam a22001817a 4500
005 - DATE AND TIME OF LATEST TRANSACTION
control field 20250730141415.0
008 - FIXED-LENGTH DATA ELEMENTS--GENERAL INFORMATION
fixed length control field 231016b |||||||| |||| 00| 0 eng d
020 ## - INTERNATIONAL STANDARD BOOK NUMBER
ISBN 987-000000-010-6
082 ## - DEWEY DECIMAL CLASSIFICATION NUMBER
Classification number 612
Item number WIN-S
100 ## - MAIN ENTRY--AUTHOR
Author Name Wineski, Lawrence E
245 ## - TITLE STATEMENT
Title Snell's Clinical Anatomy by Regions /
Statement of responsibility, etc. Lawrence E. Wineski.
250 ## - EDITION STATEMENT
Edition statement 12th ed.
260 ## - PUBLICATION, DISTRIBUTION, ETC.
Name of publisher, distributor, etc. Wolters Kluwer ;
Date of publication, distribution, etc. 2022 .
Place of Publication Pakistan :
300 ## - PHYSICAL DESCRIPTION
Pages ix , 804 p.:
500 ## - GENERAL NOTE
General note Includes bibliographical references and index.
650 ## - SUBJECT ADDED ENTRY--TOPICAL TERM
Subject / Department Medical / Anatomy
300 ## - PHYSICAL DESCRIPTION
-- ill ;
-- 27 cm.
952 ## - LOCATION AND ITEM INFORMATION (KOHA)
-- 0
-- 0
952 ## - LOCATION AND ITEM INFORMATION (KOHA)
-- 0
-- 0
952 ## - LOCATION AND ITEM INFORMATION (KOHA)
-- 0
-- 0
Holdings
Lost status Damaged status Collection code Permanent Location Current Location Shelving Location Date acquired Full Call Number Accession No./Barcode Date last seen Copy number item type Koha item type
    Medical Superior Information Resource Center (SIRC) Superior University- Central Library Superior Information Resource Center (SIRC) Superior University- Central Library Dentistry 10/16/2023 612 WIN-S 2022 20846 05/06/2026 1 BOOK  
    Medical Superior Information Resource Center (SIRC) Superior University- Central Library Superior Information Resource Center (SIRC) Superior University- Central Library Dentistry   612 WIN-S 2022 20847 10/16/2023 2 BOOK BOOK
    Medical Superior Information Resource Center (SIRC) Superior University- Central Library Superior Information Resource Center (SIRC) Superior University- Central Library Dentistry 10/16/2023 612 WIN-S 2022 20848 05/07/2026 3 BOOK  

Powered by Koha